| 000 | 02003cam a2200421 a 4500 | ||
|---|---|---|---|
| 999 |
_c530200 _d530200 |
||
| 001 | 15868182 | ||
| 003 | NUST | ||
| 005 | 20191014113508.0 | ||
| 008 | 090814s2010 enkab b 001 0 eng | ||
| 010 | _a 2009033334 | ||
| 015 |
_aGBA9A2970 _2bnb |
||
| 016 | 7 |
_a015398297 _2Uk |
|
| 020 | _a041548636X (hb) | ||
| 020 | _a9780415486361 (hb) | ||
| 020 | _a0415486378 (pb) | ||
| 020 | _a9780415486378 (pb) | ||
| 020 | _a0203855574 (eb) | ||
| 020 | _a9780203855577 (eb) | ||
| 035 | _a(OCoLC)ocn316836109 | ||
| 038 | _aMSOHAIL | ||
| 040 |
_aDLC _cDLC _dBTCTA _dBWKUK _dBWK _dUKM _dYDXCP _dCDX _dHEBIS _dDLC |
||
| 043 | _ae-uk--- | ||
| 050 | 0 | 0 |
_aHT169.G7 _bB692 2010 |
| 082 | 0 | 0 |
_a307.121609421 _222 |
| 100 | 1 |
_aBowie, Duncan. _923633 |
|
| 245 | 1 | 0 |
_aPolitics, planning and homes in a world city / _cDuncan Bowie. |
| 250 | _a1st ed. | ||
| 260 |
_aLondon ; _aNew York : _bRoutledge, _c2010. |
||
| 300 |
_a284 p. : _bill., maps ; _c25 cm. |
||
| 490 | 0 | _aHousing, planning and design series | |
| 504 | _aIncludes bibliographical references and index. | ||
| 505 | 0 | _aLondon and the planning of a world city -- Strategic planning in London before the Mayor -- The new spatial planning framework for London -- The development of the London plan -- From policy to implementation -- The impact of spatial planning on housing outputs -- Revising the spatial plan -- Challenges to the London planning regime -- Planning for growth in a globalised transient world -- Planning and the market -- The management of Land and space -- Planning for diversity : combating social polarisation -- Planning and new approaches to metropolitan governance -- London's experience of spatial planning. | |
| 650 | 0 |
_aCity planning _zGreat Britain _zLondon _vCase studies. _923634 |
|
| 650 | 0 |
_aCities and towns _xGrowth _vCase studies. _923635 |
|
| 906 |
_a7 _bcbc _corignew _d1 _eecip _f20 _gy-gencatlg |
||
| 942 |
_2ddc _cBK |
||